Largest Cities that Contain the Letter B - Statistics

General Stats
  • This quiz has been taken 1,592 times
    643 since last reset
  • The average score is 16 of 21
Answer Stats
Population City % Correct
20,500,000 Bangkok
97%
20,900,000 Beijing
97%
16,700,000 Buenos Aires
97%
10,200,000 Bogota
93%
26,600,000 Mumbai
92%
7,500,000 Baghdad
91%
16,100,000 Istanbul
90%
14,800,000 Johannesburg
87%
6,600,000 Dubai
86%
7,850,000 Boston
84%
6,550,000 Nairobi
83%
13,700,000 Bangalore
80%
6,400,000 St. Petersburg
79%
5,150,000 Belo Horizonte
67%
6,550,000 Abidjan
64%
11,100,000 Hyderabad
62%
9,300,000 Ahmedabad
57%
6,900,000 Bandung
53%
5,900,000 Surabaya
49%
5,400,000 Harbin
37%
7,100,000 Ningbo
25%
No matching quizzes found
Score Distribution
Percent of People with Each Score
Percentile by Number Answered
Your Score History
You have not taken this quiz since the last reset